Evolución, determinantes agregados y dimensión espacial dela pobreza monetaria en la República Dominicana, 2000-2011 (Record no. 9647)

MARC details
000 -LEADER
campo de control de longitud fija 00476nam a2200133Ia 4500
001 - NÚMERO DE CONTROL
campo de control 2201
008 - DATOS DE LONGITUD FIJA--INFORMACIÓN GENERAL
campo de control de longitud fija 241024s9999 xx 000 0 und d
082 ## - NÚMERO DE LA CLASIFICACIÓN DECIMAL DEWEY
Número de clasificación RD/338(R426e
100 ## - ENTRADA PRINCIPAL--NOMBRE DE PERSONA
Nombre de persona República Dominicana. Ministerio de Economía, Planificación y Desarrollo
245 #0 - MENCIÓN DEL TÍTULO
Título Evolución, determinantes agregados y dimensión espacial dela pobreza monetaria en la República Dominicana, 2000-2011
260 ## - PUBLICACIÓN, DISTRIBUCIÓN, ETC.
Nombre del editor, distribuidor, etc. Santo Domingo
Fecha de publicación, distribución, etc. 2011
901 ## - ELEMENTOS DE DATOS A LOCAL LDA (RLIN)
a 26/3/2012 9:46:24 a.m.

No items available.

© 2024. Todos los Derechos Reservados. Desarrollado por IDEICE